000 00531nam a22001577a 4500
999 _c11851
_d11851
008 190109b ||||| |||| 00| 0 eng d
020 _a971-542-288-8
082 _22001
_aDFil 899.211
_bP53
245 _aHi Aginaya Ya Chigeah (Ifugao)/
_cDamiana Eugenio [Compiler and Editor]
260 _aQuezon City:
_bUP Press;
_cc2001.
300 _aPage 236-239;
_c23 cm.
500 _aPhilippine folk literature: The folk tales
650 _aFolklore
_933723
650 _aPhilippine folk literature--Collections
_933724
942 _2ddc
_cDFIL